00354nam a22001337a 450000500170000000800410001704100120005808200120007010000120008224500490009426000220014330000300016565000250019520240821135318.0240821b |||||||| |||| 00| 0 eng d aEnglish a349 REP lEnglish aRepublic of Namibia: Criminal Law Precedents aWindhoek: c2004  bxxi, 135 pages; c25 cm.  aLegal practice bLaw